000 00804nam a22002651 4500
001 21097
003 BD-RjUL
005 20211209000640.0
008 140303r19601956enk 001 0 eng
035 _a(BD-RjUL)21161
040 _aDLC
_cDLC
_dBD-RjUL
_beng
041 _aeng
082 0 0 _a824.91
_bLAS 1960
100 1 _aLawrence, D. H.
_q(David Herbert),
_d1885-1930.
_965208
245 1 0 _aSelected literary criticism /
_cD H Lawrence, edited by Anthony Beal.
260 _aLondon :
_bHeineman,
_cc1856 [reprint 1960].
300 _axii, 435 p. ;
_c22 cm.
504 _aIncludes index.
650 0 _aLiterature
_xHistory and criticism.
_965209
650 0 _aBooks
_xReviews.
_965210
700 1 _aBeal, Anthony
_965248
942 _2ddc
_cBK
999 _c21097
_d21097